| 000 -LEADER |
| fixed length control field |
00771nam a2200217Ia 4500 |
| 001 - CONTROL NUMBER |
| control field |
22759 |
| 003 - CONTROL NUMBER IDENTIFIER |
| control field |
GE_BSU |
| 005 - DATE AND TIME OF LATEST TRANSACTION |
| control field |
20230519125943.0 |
| 008 - FIXED-LENGTH DATA ELEMENTS--GENERAL INFORMATION |
| fixed length control field |
181216s ||||ge |||||||||||||| || || |
| 020 ## - INTERNATIONAL STANDARD BOOK NUMBER |
| International Standard Book Number |
9783191817411 |
| 040 ## - CATALOGING SOURCE |
| Transcribing agency |
GE_BSU |
| 080 ## - UNIVERSAL DECIMAL CLASSIFICATION NUMBER |
| Universal Decimal Classification number |
811.112.1+378.6 B-33 |
| 100 ## - MAIN ENTRY--PERSONAL NAME |
| Personal name |
Bayerlein, Oliver |
| 9 (RLIN) |
13857 |
| 245 ## - TITLE STATEMENT |
| Title |
Landeskunde aktiv.Praktische Orientierungen für Deutschland, Österreich und die Schweiz Niveaustufen ab A2 : |
| Remainder of title |
Deutsch als fremdsprache / |
| 264 ## - PRODUCTION, PUBLICATION, DISTRIBUTION, MANUFACTURE, AND COPYRIGHT NOTICE |
| Place of production, publication, distribution, manufacture |
Munchen : |
| Name of producer, publisher, distributor, manufacturer |
Verlag fur Deutsch, |
| Date of production, publication, distribution, manufacture, or copyright notice |
2015. |
| 300 ## - PHYSICAL DESCRIPTION |
| Extent |
127 p. : |
| Other physical details |
ill. ; |
| Dimensions |
23 cm. |
| 653 ## - INDEX TERM--UNCONTROLLED |
| keyword |
Deutsch als fremdsprache |
| 653 ## - INDEX TERM--UNCONTROLLED |
| keyword |
Landeskunde aktiv.Praktische Orientierungen für Deutschland, Österreich und die Schweiz. Niveaustufen ab A2 |
| 942 ## - ADDED ENTRY ELEMENTS (KOHA) |
| Koha item type |
წიგნი |
| Source of classification or shelving scheme |
|